000 00645nam a2200181Ia 4500
008 100921s9999 xx 000 0 und d
082 _b20805
_a796 थ 87
100 _aगंधे श्री.वि.
245 _aकबड्डी.
260 _bविदर्भ कबड्डी असोशिएशन, नागपूर.
_c1987
300 _a132
_bभावे पुस्तक भांडार,पुणे
365 _b18
520 _aकला-मैदानी खेळ.
630 _aकबड्डी.
650 _aकला-मैदानी खेळ.
730 _aकबड्डी.
942 _cBOOK
999 _c769918
_d769915